Respuesta sísmica de un edificio alto

Guardat en:
Dades bibliogràfiques
Autor principal: Torres Chinchilla, Antonio
Format: Llibre
Publicat: [San José , Costa Rica] 1992
Matèries:
Etiquetes: Afegir etiqueta
Sense etiquetes, Sigues el primer a etiquetar aquest registre!

MARC

LEADER 00000nam a2200000Ia 4500
003 005454
005 20221231144324.0
008 140114s1992 cr a m 000 ||s d
040 |c cru CEDI 
090 |a TFG 2601 
100 |a Torres Chinchilla, Antonio  |9 12500 
245 |a Respuesta sísmica de un edificio alto  
260 |c 1992  |a [San José , Costa Rica] 
300 |a  135 hojas : ilustraciones ; 28 cm.  
500 |a Proyecto de graduación (licenciatura en ingeniería civil)--Universidad de Costa Rica. Facultad de Ingeniería. Escuela de Ingeniería Civil 
650 |x CONSTRUCCIONES ANTISISMICAS  |9 12501 
942 |c TFG 
999 |c 20129  |d 20129